000 00638nam a22002177a 4500
003 UA-OsUOA
001 79832
007 ta
008 20111121b un ||||| |||| 00| 0 ukr d
100 _aКовалець Л.
090 _a82
_bК56
942 _cSA
040 _aUA-OsUOA
_bukr
_cUA-OsUOA
_dUA-OsUOA
245 _aТеатр як життя: драма Юрія Федьковича "Довбуш" в аспекті бібліографічному
300 _aС.65-73
955 _a0
041 _aukr
080 _a82
773 0 _w79821
650 7 _a82 Література. Літературознавство
_2UDC
999 _c366186
_d366186